000 00314 a2200145 4500
001 47993
040 _cAnchieta - Aquarius
100 _aGuimarĂ£es, Bernardo
240 1 0 _aA escrava Isaura
_lpor
245 1 0 _aA escrava Isaura
300 _a87
362 0 _a1971
650 4 _aLiteratura brasileira
942 _cBK
999 _c47993
_d47993